Statistics for Minsk National Airport Destinations (Minsk, Belarus)

Click here to take the quiz!

General Stats

  • This quiz has been taken 42 times
  • The average score is 23 of 38

Answer Stats

AirlineDestination% Correct
BelaviaMoscow (Domodedovo)
96%
Aeroflot/BelaviaMoscow (Sheremetyevo)
96%
Belavia/PobedaMoscow (Vnukovo)
96%
Belavia/Turkish AirlinesIstanbul
92%
Belavia/PobedaSaint Petersburg
92%
BelaviaAstana
88%
Belavia/flydubaiDubai (International)
88%
Azerbaijan Airlines/BelaviaBaku
83%
Air ChinaBeijing (Capital)
83%
Belavia/Uzbekistan AirwaysTashkent
83%
BelaviaTbilisi
83%
BelaviaKazan
79%
BelaviaYerevan
79%
BelaviaAntalya
75%
BelaviaSochi
75%
Turkmenistan AirlinesAshgabat
71%
BelaviaAbu Dhabi
58%
BelaviaIzmir
58%
BelaviaYekaterinburg
58%
BelaviaDoha
54%
BelaviaHurghada
54%
BelaviaKaliningrad
54%
BelaviaSharm El Sheikh
54%
Red Wings AirlinesUfa
54%
BelaviaBatumi
50%
BelaviaKutaisi
50%
BelaviaDelhi
46%
BelaviaBodrum
42%
IkarPerm
42%
BelaviaMurmansk
38%
BelaviaSharjah
38%
Severstal Air CompanyCherepovets
33%
IkarPskov
33%
BelaviaDalaman
29%
Severstal Air CompanyKaluga
21%
BelaviaRas Al Khaimah
21%
IkarNizhniy Novgorod
17%
BelaviaTurkmenbasy
17%

Score Distribution

Percentile by Number Answered

Percent of People with Each Score

Your Score History

You have not taken this quiz